| 000 | 00463nam a2200193Ia 4500 | ||
|---|---|---|---|
| 005 | 20240823013530.0 | ||
| 008 | 240823s9999||||xx |||||||||||||| ||und|| | ||
| 020 | _a9971-51-148-7 | ||
| 041 | _aENGLISH | ||
| 082 | _A515 P3 | ||
| 100 | _a"Atkinson,Kendall" | ||
| 245 | 0 | _aElementary Numerical Analysis | |
| 250 | _a2nd | ||
| 260 |
_c2003 _b"John Wiely, Ne" |
||
| 500 | _aYES | ||
| 650 |
_aNumerical Analysis _bMathematics |
||
| 942 | _cBK | ||
| 999 |
_c167512 _d167512 |
||